Score 0/31 Timer 05:00
1 Play Today
Flavors % Correct
Chocolate Mint
99.1%
Chocolate Chip
99%
Chocolate Fudge
99%
Chocolate Almond
98.9%
Chocolate Ribbon
98.8%
Chocolate
98.6%
Vanilla Burnt Almond
98.3%
French Vanilla
97.8%
Vanilla
97.8%
Strawberry
93.5%
Peppermint Fudge Ribbon
92.3%
Raspberry Sherbet
88.7%
Banana Nut Fudge
88%
Peppermint Stick
88%
Green Mint Stick
86.5%
Lemon Sherbet
84.3%
Flavors % Correct
Orange Sherbet
82.7%
Pineapple Sherbet
80.9%
Black Walnut
80.6%
Cherry Macaroon
80.3%
Date Nut
78%
Maple Nut
77.7%
Burgundy Cherry
76%
Lemon Custard
71.8%
Butterscotch Ribbon
70.3%
Lemon Crisp
70.1%
Coffee Candy
60.5%
Coffee
54.5%
Peach
53.9%
Rocky Road
39.3%
Egg Nog
9.7%
Remove Ads.
Support Sporcle.
Get the best of Sporcle when you Go Orange. This ad-free experience offers more features, more stats, and more fun while also helping to support Sporcle. Thank you for becoming a member.

You're not logged in!

Compare scores with friends on all Sporcle quizzes.
OR
Log In

Show Comments

Extras

Top Quizzes Today


Score Distribution

Your Account Isn't Verified!

In order to create a playlist on Sporcle, you need to verify the email address you used during registration. Go to your Sporcle Settings to finish the process.

Report this User

Report this user for behavior that violates our Community Guidelines.

Details: